000 00652nam a2200277Ia 4500
005 20260324113318.0
008 008 260324s9999 xx 000 0 eng d
020 _a9781003343288
037 _aEBOOK
040 _aCRL
040 _beng
040 _cCRL
041 _2eng
041 _aeng
084 _qCRL
100 _aRita Fioresi; Cinzia Bisi
_91146267
245 0 _aMathematical Methods for Life Sciences
260 _bTaylor and Francis
260 _c2024
365 _a
365 _b305
856 _uhttp://www.taylorfrancis.com/books/9781003343288
942 _cEBOOK
999 _c1735855
_d1735855